000 05471cam a22018614i 4500
003 PE-LiUPU
005 20250813165827.0
008 150706s2008 xxua r 000 0 spa d
020 _a9780829751086
035 _a(Sirsi) i9780829751086
040 _aPE-LiUPU
_bspa
_cPE-LiUPU
_erda
049 _aPRUA
082 0 4 _a658.402
_bE46
_221
100 1 _aEllis, Lee,
_d1943- ,
_eautor.
245 1 0 _aLiderando talentos, liderando equipos /
_cLee Ellis.
264 1 _aMiami, Florida :
_bVida,
_c2008.
300 _a333 páginas :
_bilustraciones ;
_c23 centímetros.
336 _atext
_2rdacontent
337 _aunmediated
_2rdamedia
338 _avolume
_2rdacarrier
505 0 _aCuando el liderazgo y el trabajo en equipo eran una cuestión de vida o muerte -- Diferencias individuales -- Talentos: un tesoro digno de encontrarse -- Dificultades: el lado oscuro de los talentos -- Objetividad: cómo ver la realidad -- Midiendo los talentos: entendiendo las evaluaciones -- Diferencias individuales: entendiéndose a sí mismo y a otros -- Rasgos directores -- Rasgos acomodaticios -- Rasgos sim´páticos -- Rasgos reservados -- Rasgos armoniosos -- Rasgos objetivos -- Rasgos metódicos -- Rasgos espontáneos -- Haciendo corresponder talentos y rasgos con tareas. Trabajo en equipo -- Diversidad -- Unidad -- Edificación de la confianza -- Dinámica de equipo: estudio de casos -- Liderazgo -- Atributos del liderazgo: parte uno -- Atributos del liderazgo: parte dos -- Leyendo y actuando como un líder -- Control -- Puntos de revisión del líder -- Crecimiento personal: claves para el desarrollo del liderazgo -- Sentimientos de insuficiencia: la fuente de nuestros problemas -- El bagaje pesado tiene su peaje -- Cambio: el camino al crecimiento personal.
526 _aP203
526 _aP200
526 _aSEG65
526 _aSEG64
526 _aSEG63
526 _aSEG62
526 _aSEG61
526 _aSEG60
526 _aSEG59
526 _aSEG58
526 _aSEG57
526 _aSEG56
526 _aSEG55
526 _aSEG54
526 _aSEG53
526 _aSEG52
526 _aSEG51
526 _aSEG50
526 _aSEG49
526 _aSEG48
526 _aSEG47
526 _aSEG46
526 _aSEG24
526 _aSEG23
526 _aSEG22
526 _aSEG21
526 _aSEG20
526 _aSEG19
526 _aSEG18
526 _aSEG17
526 _aSEG16
526 _aSEG14
526 _aSEG13
526 _aSEG12
526 _aSEG11
526 _aSEG10
526 _aSEG09
526 _aSEG06
526 _aSEG05
526 _aSEG04
526 _aSEG03
526 _aSEG02
526 _aSEG68
526 _aSEG66
526 _aSEG45
526 _aSEG25
526 _aSEG01
526 _aP163
526 _aP162
526 _aP161
526 _aP160
526 _aP159
526 _aP158
526 _aP157
526 _aP156
526 _aP155
526 _aP154
526 _aP153
526 _aP152
526 _aP151
526 _aP150
526 _aP149
526 _aP142
526 _aP141
526 _aP140
526 _aP139
526 _aP138
526 _aP137
526 _aP132
526 _aP131
526 _aP130
526 _aP126
526 _aP125
526 _aP124
526 _aP123
526 _aP115
526 _aP122
526 _aP121
526 _aP116
526 _a P114
526 _aP112
526 _aP111
526 _aP104
526 _aP103
526 _aP102
526 _aP101
526 _aP100
526 _aP96
526 _aP95
526 _aP93
526 _aP92
526 _aP91
526 _aP88
526 _aP83
526 _aP82
526 _aP79
526 _aP78
526 _aP75
526 _aP74
526 _aP71
526 _aP69
526 _a P51
526 _aP49
526 _aP48
526 _aP47
526 _aP33
526 _aP31
526 _a P30
526 _aP29
526 _aP27
526 _aP26
526 _aP25
526 _aP24
526 _a P22
526 _aP10
526 _aP09
526 _a P08
526 _aP06
526 _aP05
526 _aP04
526 _aP01
541 _g001-0000520;
541 _g071-0133810;
650 0 4 _aEquipos en el lugar de trabajo.
650 0 4 _aCapacidad.
650 0 4 _aPlanificación de personal.
650 0 4 _aEficacia de la organización.
650 0 4 _aLiderazgo.
910 _bjv
_clch
_d20110808
942 _2ddc
_cBOOK
949 _a658.402 E46
_wDEWEY
_c1
_i63248
_lCCODEBUL1
_mBUL
_p15.00
_r0
_sY
_tBOOK
_u2015-7-6
_xTEOLOGIA
_PP35
_o.STAFF. Colección General
949 _a658.402 E46
_wDEWEY
_c2
_i65900
_lCCODEBUL1
_mBUL
_p16.00
_r0
_sY
_tBOOK
_u2015-7-6
_xFCE
_PP04
_o.STAFF. Colección General
994 _aC0
_bPEPRU
596 _a1
999 _a658.402 E46
_wDEWEY
_c52249
_i63248
_d52249
_e2016-5-5
_f2021-11-8
_g6
_lCCODEBUL1
_mBUL
_n1
_p15.00
_r0
_sY
_tBOOK
_u2015-7-6
_xFCE
_PP35
_0COMPRA
_o.STAFF. Colección General
999 _a658.402 E46
_wDEWEY
_c2
_i65900
_d2017-9-22
_e2017-8-9
_f2021-11-8
_g6
_lCCODEBUL1
_mBUL
_n3
_p16.00
_r0
_sY
_tBOOK
_u2015-7-6
_xFCE
_PP04
_0COMPRA
_o.STAFF. Colección General
980 _81
_gALBERTO SANCHEZ Responsable de Automatización